000 00626nam a22002417a 4500
003 UA-OsUOA
001 58201
007 ta
008 20090202b un ||||| |||| 00| 0 ukr d
100 _aСергійчук В. І.
090 _a94(477).04
_bС32
942 _cBK
040 _aUA-OsUOA
_bukr
_cUA-OsUOA
_dUA-OsUOA
245 _aДмитро Вишневецький
300 _a192 с.
955 _a2
041 _aukr
080 _a94(477).04
020 _a966-524-129-Х
260 _aК.
_bУкраїна
_c2003
650 7 _a9 Географія. Біографії. Історія
_2UDC
999 _c344286
_d344286